| 000 | 01481cam a2200409 i 4500 | ||
|---|---|---|---|
| 001 | 200441530 | ||
| 999 |
_c200441530 _d59742 |
||
| 003 | TR-AnTOB | ||
| 005 | 20240824073709.0 | ||
| 007 | ta | ||
| 008 | 820426m19811982fr a b i000 0 eng | ||
| 010 | _a 82129526 | ||
| 015 | _aF*** | ||
| 020 | _a9264122621 (v. 1 : pbk.) : | ||
| 020 | _a9264123695 (v. 2 : pbk.) | ||
| 040 |
_aDLC _beng _erda _cDLC _dTR-AnTOB |
||
| 041 | 0 | _aeng | |
| 043 | _aee----- | ||
| 050 | 0 | 0 |
_aHD1917 _b.P76 |
| 090 |
_aHD1917 _b.P76 |
||
| 245 | 0 | 0 | _aProspects for agricultural production and trade in Eastern Europe. |
| 264 | 1 |
_aParis : _bOrganisation for Economic Co-operation and Development, _cc1981-c1982 |
|
| 264 | 2 |
_aWashington, D.C. : _bSold by OECD Publication and Information Center], _cc1981-c1982 |
|
| 300 |
_a2 volumes : _billustrations ; _c24 cm |
||
| 336 |
_2rdacontent _atext _btxt |
||
| 337 |
_2rdamedia _aunmediated _bn |
||
| 338 |
_2rdacarrier _avolume _bnc |
||
| 504 | _aBIB | ||
| 505 | 0 | _av. 1. Poland, German Democratic Republic, Hungary -- v. 2. Bulgaria, Czechoslovakia, Romania. | |
| 650 | 0 |
_aAgriculture _xEconomic aspects _zEurope, Eastern _9104501 |
|
| 650 | 0 |
_aProduce trade _zEurope, Eastern _934118 |
|
| 650 | 0 |
_aAgricultural productivity _zEurope, Eastern _93757 |
|
| 650 | 0 |
_aAgriculture and state _zEuropean Union countries _934117 |
|
| 710 | 2 |
_aOrganisation for Economic Co-operation and Development _933753 |
|
| 942 |
_2lcc _cBK |
||